Composants d'un Ordinateur - Statistiques

Statistiques générales
  • Ce quiz a été pris 85 fois
  • Le résultat moyen est 8 sur 13
Statistiques - réponses
Par images Réponse % Correct
Processeur
92%
Mémoire Vive
84%
Boîtier
83%
Lecteur USB
83%
Carte Graphique
79%
Carte Mère
78%
Disque Dur
76%
Ventilateur
75%
Port HDMI
63%
Carte Réseau
25%
Radiateur
19%
Bloc d'Alimentation
14%
Carte de Son
3%
Aucun quiz correspondant
Distribution des résultats
% des personnes avec chaque résultat
Percentile par nombre de réponses
Votre historique - résultats
Vous n’avez pas pris ce quiz